Povídky malostranské

Hlavní autor: Neruda, Jan, 1834-1891
Další autoři: Brousek, Otakar, 1924-2014
Jazyk: Čeština
Vydáno: Praha : Radioservis, c2013, p2012
Témata:
Fyzický popis: 1 zvuková deska (3 hod., 46 min.) : digital, MP3
Zvukové nahrávky
Uloženo v:
LEADER 01293nim a2200361 a 4500
001 001291309
003 CZ BrMZK
005 20130528142406.0
007 sd^
008 130506p20132012xr g f cze
024 3 |a 8590236064720 
028 0 1 |a CRO647-2  |b Radioservis 
040 |a BOA001  |b cze 
072 7 |a 821.162.3-3  |x Česká próza  |2 Konspekt  |9 25 
080 |a 821.162.3-32  |2 MRF 
080 |a (0:82-32)  |2 MRF 
080 |a (086.76)  |2 MRF 
100 1 |a Neruda, Jan,  |d 1834-1891  |7 jk01083209  |4 aut 
240 1 0 |a Povídky malostranské  |7 aun2007414745 
245 0 0 |a Povídky malostranské  |h [zvukový záznam] /  |c Jan Neruda 
260 |a Praha :  |b Radioservis,  |c c2013, p2012 
300 |a 1 zvuková deska (3 hod., 46 min.) :  |b digital, MP3 
500 |a Kompaktní deska 
500 |a Fonogram p2012 Český rozhlas 
508 |a Průvodní slovo Jiří Vondráček ; režie Markéta Jahodová 
511 0 |a Čte Otakar Brousek st. a další 
655 7 |a české povídky  |7 fd133971  |2 czenas 
655 7 |a kompaktní desky  |7 fd201991  |2 czenas 
700 1 |a Brousek, Otakar,  |d 1924-2014  |7 jn19981000335  |4 stl 
910 |a BOA001  |b CDR-1306.029 
990 |a AV 
991 |b 201305  |e b 
996 6 |b 2610549450  |c CDR-1306.029  |l MZK  |r Sklad / do 24 hodin  |n 6  |p p.v.  |w 001328430  |u 000010  |a 1  |e BOA001  |j MZK50  |s P